| 000 | 01540cam a2200337 a 4500 | ||
|---|---|---|---|
| 001 | 17243409 | ||
| 003 | Nust- CAS-E | ||
| 005 | 20180118181400.0 | ||
| 008 | 120405s2012 maua b 001 0 eng | ||
| 010 | _a 2012007799 | ||
| 020 | _a9780262018128 | ||
| 020 | _a9780262517874 | ||
| 040 |
_aDLC _cDLC |
||
| 042 | _apcc | ||
| 043 | _an-us--- | ||
| 050 | 0 | 0 |
_aTD885 _b.B79 2012 |
| 082 | 0 | 0 |
_a363.739/25610973 _223 _bBRY 2012 |
| 100 | 1 |
_aBryner, Gary C., _d1951- |
|
| 245 | 1 | 0 |
_aIntegrating climate, energy, and air pollution policies / _cGary Bryner ; with Robert J. Duffy. |
| 260 |
_aCambridge, Mass. : _bMIT Press, _cc2012. |
||
| 300 |
_aviii, 252 p. : _bill. ; _c24 cm. |
||
| 504 | _aIncludes bibliographical references and index. | ||
| 505 | 0 | _aPolicy integration and climate policy -- U.S. climate and clean air policies -- Reducing greenhouse gas emissions from generating electricity -- Increasing energy efficiency and alternative energy use -- Transforming transportation -- Agriculture, energy, and climate change -- Climate change, policy integration, and ecological sustainability. | |
| 650 | 0 |
_aAir _xPollution _xGovernment policy _zUnited States. |
|
| 650 | 0 |
_aGreenhouse gas mitigation _xGovernment policy _zUnited States. |
|
| 650 | 0 |
_aEnergy policy _zUnited States. |
|
| 700 | 1 | _aDuffy, Robert J. | |
| 906 |
_a7 _bcbc _corignew _d1 _eecip _f20 _gy-gencatlg |
||
| 942 |
_2ddc _cBK |
||
| 999 |
_c355402 _d355402 |
||